000 00759nam a2200229 a 4500
001 6090
003 BD RJUL
005 20211208234202.0
008 090114s19161916ii h 000 0deng d
035 _a(BD-RjUL)6129
040 _aBD-RjUL
_beng
_cBD-RjUL
_d(BD-RjUL)
041 1 _aeng
_hper
082 _222
_a 811.6
_bBUM 1916
100 1 0 _aKhuda Bukhsh, S.
_q(Salahuddin),
_d1877-1931.
_919168
245 1 0 _aMaxims and reflections /
_cby S. Khuda Bakhsh.
260 _aPatna :
_bKhuda Bakhsh Oriental Public Library,
_c1916
300 _a85 p. :
_bill. ;
_c22 cm.
500 _aTranslated from Persian.
500 _aOriginally published: London : J.M. Dent & Sons, 1916.
650 0 _aQuotations, Persian
_xTranslations into English.
_919169
942 _2ddc
_cBK
999 _c6090
_d6090